000 00619nam a22002297a 4500
003 UA-OsUOA
001 858
007 ta
008 20050706b un ||||| |||| 00| 0 ukr d
100 _aПоліщук Ф.М.
090 _a82.09(477)
_bП50
942 _cBK
040 _aUA-OsUOA
_bukr
_cUA-OsUOA
_dUA-OsUOA
245 _aВивчення давньої літератури у 8 класі.
_bПосібник для вчителів
300 _a102 с.
955 _a2
041 _aukr
080 _a82.09(477)
260 _aК.
_bРадянська школа
_c1984
650 7 _2UDC
999 _c287034
_d287034